Central Library OPAC University of Rajshahi

The economics of Alfred Marshall / (Record no. 2419)

MARC details
000 -LEADER
fixed length control field 01004cam a22002531 4500
001 - CONTROL NUMBER
control field 2419
003 - CONTROL NUMBER IDENTIFIER
rucl marc code BD-RjUL
005 - DATE AND TIME OF LATEST TRANSACTION
control field 20211208233540.0
008 - FIXED-LENGTH DATA ELEMENTS--GENERAL INFORMATION
fixed length control field 160616s1935 nyuc 001 0 eng
035 ## - SYSTEM CONTROL NUMBER
System control number (BD-RjUL)2446
System control number (OCoLC)2145172
040 ## - CATALOGING SOURCE
Original cataloging agency DLC
Transcribing agency ArCCA
Modifying agency OCoLC
-- DLC
Language of cataloging eng
041 ## - LANGUAGE CODE
Language code of text/sound track or separate title eng
082 ## - DEWEY DECIMAL CLASSIFICATION NUMBER
Classification number 330
Author mark and year DAE 1935
100 1# - MAIN ENTRY--PERSONAL NAME
Personal name Davenport, Herbert Joseph,
Dates associated with a name 1861-1931.
9 (RLIN) 131720
245 14 - TITLE STATEMENT
Title The economics of Alfred Marshall /
Statement of responsibility, etc. by H.J. Davenport
260 ## - PUBLICATION, DISTRIBUTION, ETC. (IMPRINT)
Place of publication, distribution, etc. Ithaca, N.Y. :
Name of publisher, distributor, etc. Cornell University Press;
Place of publication, distribution, etc. London :
Name of publisher, distributor, etc. H. Milford, Oxford University Press,
Date of publication, distribution, etc. 1935.
300 ## - PHYSICAL DESCRIPTION
Pagination 481 p. :
Illustrations ill. ;
Size 24 cm.
500 ## - GENERAL NOTE
General note "Prepared for publication by a committee of the department of economics of Cornell University, consisting of Paul T. Homan and M. Slade Kendrick, in collaboration with Margaret F. Milliken"--Foreword.
600 10 - SUBJECT ADDED ENTRY--PERSONAL NAME
Personal name Marshall, Alfred,
Dates associated with a name 1842-1924.
Title of a work Principles of economics.
650 #0 - SUBJECT ADDED ENTRY--TOPICAL TERM
Topical term or geographic name as entry element Economics.
9 (RLIN) 131722
942 ## - ADDED ENTRY ELEMENTS (KOHA)
Source of classification or shelving scheme Dewey Decimal Classification
Koha item type Books
Holdings
Lost status Source of classification or shelving scheme Damaged status Not for loan Collection code Permanent Location Current Location Shelving location Date acquired Total Checkouts Full call number Date last seen Copy number Koha item type
  Dewey Decimal Classification     Non-fiction Central Library, University of Rajshahi Central Library, University of Rajshahi   16/06/2016   330 DAE 1935 16/06/2016 C-2 Books